000 00764nam a2200289Ia 4500
001 74470
003 IT-RoPAU
008 130308s9999 xx 000 0 und d
040 _aIT-RoPAU
040 _cIT-RoPAU
041 _aITALIANO
100 _aZaccheo Germano
100 _gCodice Aut. SPICS: 26237
245 _aTheodore Strawinsky icone mariane
245 _bPitture murali Sul Lago D'Orta
250 _a1a ed.
260 _aNOVARA
260 _bFondazione Enrico Monti
260 _c1988 [1° Ed.:1988 - Ed.Ling.Originale:1988]
300 _a"5 p. (prefazione: no ; testo: 5 [pagine: 99-103])"
650 _aAUTORI/OPERE DI PITTURA
650 _eCodice materia Spics: 5207
942 _cBK
957 _71
999 _c48012
_d48012
999 _bSI
999 _g1